Využívanie trustov a nadácií pri správe majetku: porovnanie Malty a Panamy

Porovnanie náležitostí založenia trustu a súkromnej nadácie na Malte a v Paname a porovnanie nákladov, ktoré s tým súvisia.

Na minha lista:
Detalhes bibliográficos
Autor principal: Ištok, Michal
Outros Autores: Džugan, Erik
Formato: Capítulo de Livro
Idioma:eslovaco
Assuntos:
Tags: Adicionar Tag
Sem tags, seja o primeiro a adicionar uma tag!

MARC

LEADER 00000naa a2200000 4500
001 0259727
005 20220314102512.5
041 0 |a slo 
044 |a SK 
245 1 0 |a Využívanie trustov a nadácií pri správe majetku: porovnanie Malty a Panamy  |c Michal Ištok, Erik Džugan 
520 |a Porovnanie náležitostí založenia trustu a súkromnej nadácie na Malte a v Paname a porovnanie nákladov, ktoré s tým súvisia. 
610 2 0 |a Malta 
610 2 0 |a Panama 
610 2 0 |a analýza komparatívna 
610 2 0 |a trusty 
610 2 0 |a správa spoločnosti 
610 2 0 |a nadácie 
100 1 |a Ištok, Michal 
700 1 |a Džugan, Erik